000 01051nam a2200277Ia 4500
003 OSt
005 20220923230946.0
006 a|||||r|||| 00| 0
007 ta
008 220922b |||||||| |||| 00| 0 hin d
020 _c125
024 _a324,741
037 _b1292, 13/03/2018, Akshar Publishers & Distributors
_cTextual
040 _aARTS
_cARTS
_bhin
041 _2hin
_ahin
082 _aO152,1N276:g, M4
100 _aमेहरोत्रा, अनिल, ले.
245 0 _aकुंवर नारायण और उनका साहित्य
246 _aKuanvar nārāyaṇ aur unakā sāhitya
260 _aदिल्ली
_b ज्ञान भारती
_c1984
300 _a109पृ.
_ccm.
650 _a हिन्दी साहित्य
_9156264
650 _aहिन्दी कविता
942 _hO152,1N276:g, M4
_cTEXL
_2CC
999 _c388465
_d388465